Religion Quiz

Random Religion or German Quiz
Score 0/12 Timer 05:00
0 Plays Today
Genesis 1:1 Language % Correct
In the beginning God created the heaven and the earth.English
99.9%
En el principio Dios creó el cielo y la tierra.Spanish
86.5%
Am Anfang schuf Gott den Himmel und die Erde.German
83.6%
Au commencement, Dieu créa le ciel et la terre.French
83.6%
In principio creavit Deus caelum et terram.Latin
78.3%
In den beginne schiep God de hemel en de aarde.Dutch
77.3%
태초에 하나님이 천지를 창조 하시니라.Korean
76.8%
No princípio, Deus criou o céu e a terra.Portuguese
74.7%
Na początku Bóg stworzył niebo i ziemię.Polish
71.7%
I begyndelsen skabte Gud himlen og jorden.Danish
53.1%
Hapo mwanzo Mungu aliziumba mbingu na nchi.Swahili
50.1%
Yn y dechreuad creodd Duw y nefoedd a'r ddaear.Welsh
46.6%
Remove Ads.
Support Sporcle.
Get the best of Sporcle when you Go Orange. This ad-free experience offers more features, more stats, and more fun while also helping to support Sporcle. Thank you for becoming a member.

You're not logged in!

Compare scores with friends on all Sporcle quizzes.
OR
Log In

Sporcle TV

Today on Sporcle TV


Watch our educational content, quiz creation guides, and fun videos on Sporcle TV.

Show Comments

Extras

Top Quizzes Today


Score Distribution

Paid Content

Your Account Isn't Verified!

In order to create a playlist on Sporcle, you need to verify the email address you used during registration. Go to your Sporcle Settings to finish the process.

Report this User

Report this user for behavior that violates our Community Guidelines.

Details: